| 000 | 00523nam a22001457a 4500 | ||
|---|---|---|---|
| 005 | 20250901163341.0 | ||
| 008 | 250901b |||||||| |||| 00| 0 eng d | ||
| 100 | _aNGATI ESTHER WANGARI | ||
| 245 | _aAN ASSESSMENT OF THE RELATIONSHIP BETWEEN COMPETITIVE STRATEGIES AND PERFORMMANCE OF SAVINGS AND CREDIT COOPERATIVE SOCIETIES: A CASE OF MWALIMU NATIONAL SACCO | ||
| 260 |
_aKISII _bKISII UNIVESITY _c2018 |
||
| 300 | _aXVI,100P. | ||
| 500 | _aINCLUDES AN INDEX | ||
| 650 | _aFINANCIAL INSTITUTIONS | ||
| 942 |
_2lcc _cREF |
||
| 999 |
_c216060 _d216060 |
||